000 00788nam a2200229 i 4500
003 DO-SdBNP
005 20240307073949.0
007 ta
008 110707s1978 dr a 000 0 spa d
040 _aDO-SdBNP
_bspa
_cBNPHU
_erda
082 _bU58a
_222
110 1 _aUniversidad Autónoma de Santo Domingo
_972951
245 1 0 _aActo de graduación 440 aniversario :
_bsábado veintiocho de octubre mil novecientos setenta y ocho a las seis de la tarde, Ciudad Universitaria, Santo Domingo /
264 1 _aSanto Domingo :
_bUniversitaria-UASD,
_c1978
300 _a55 páginas
_c21 cm.
336 _2rdacontent
_atexto
_btxt
337 _2rdamedia
_asin mediación
_bn
338 _2rdacarrier
_avolumen
_bnc
590 _aInventariado, 2023/ YL
910 _aYLockward
942 _2ddc
_cLF2
999 _c54908
_d54908